Taiwan in the 21st Century: (Record no. 7679)

MARC details
000 -LEADER
fixed length control field 00553nam a22001937a 4500
003 - CONTROL NUMBER IDENTIFIER
control field OSt
005 - DATE AND TIME OF LATEST TRANSACTION
control field 20220208155715.0
008 - FIXED-LENGTH DATA ELEMENTS--GENERAL INFORMATION
fixed length control field 220208b ||||| |||| 00| 0 eng d
020 ## - INTERNATIONAL STANDARD BOOK NUMBER
International Standard Book Number 9780415666398
040 ## - CATALOGING SOURCE
Transcribing agency DDC
082 ## - DEWEY DECIMAL CLASSIFICATION NUMBER
Classification number 951.249 TAI 2007
100 ## - MAIN ENTRY--PERSONAL NAME
Personal name Robert, Ash: J. Megan, Greene
9 (RLIN) 15696
245 ## - TITLE STATEMENT
Title Taiwan in the 21st Century:
Remainder of title Aspects and Limitations of a Development Model.
260 ## - PUBLICATION, DISTRIBUTION, ETC. (IMPRINT)
Place of publication, distribution, etc. New York:
Name of publisher, distributor, etc. Routledge;
Date of publication, distribution, etc. 2007,
300 ## - PHYSICAL DESCRIPTION
Extent xv,279p.:
Other physical details ill;
Dimensions 23cm,
504 ## - BIBLIOGRAPHY, ETC. NOTE
Bibliography, etc Includes Index.
650 ## - SUBJECT ADDED ENTRY--TOPICAL TERM
Topical term or geographic name as entry element Taiwan.
9 (RLIN) 15697
942 ## - ADDED ENTRY ELEMENTS (KOHA)
Source of classification or shelving scheme Dewey Decimal Classification
Koha item type Book
Holdings
Withdrawn status Lost status Source of classification or shelving scheme Damaged status Not for loan Home library Current library Date acquired Source of acquisition Inventory number Total Checkouts Full call number Barcode Date last seen Price effective from Koha item type
    Dewey Decimal Classification     MUST Main Library MUST Main Library 08/02/2022 Purchase 15/39565   951.249 TAI 2007 2022-0165 08/02/2022 08/02/2022 Book